Seigneur des anneaux - Porteurs de l'anneau unique. - Statistiques

Statistiques générales
  • Ce quiz a été pris 535 fois
  • Le résultat moyen est 6 sur 7
Statistiques - réponses
Possession Porteur % Correct
2463-2941 T.A. Sméagol/Gollum
100%
2941-3001 T.A. Bilbon Sacquet
99%
3001 -3019 T.A. Frodon Sacquet
99%
1600-3441 D.A. Sauron
99%
3441 D.A. - 2 T.A. Isildur
86%
3019 T.A. Samsagace Gamegi
86%
2463 T.A. Déagol
55%
Aucun quiz correspondant
Distribution des résultats
% des personnes avec chaque résultat
Percentile par nombre de réponses
Votre historique - résultats
Vous n’avez pas pris ce quiz